| 000 | 01252namaa2200301 a 4500 | ||
|---|---|---|---|
| 001 | vtls001305312 | ||
| 003 | NLI | ||
| 005 | 20210627043900.0 | ||
| 008 | 120418s1980 dcu b i000 0 eng | ||
| 039 | 9 |
_y201204181937 _zVLOAD |
|
| 040 | 0 |
_aNLI _cVTLS-2012_FOD _eAACR2 |
|
| 041 | 0 | _aeng | |
| 044 | _adcu | ||
| 082 | 0 | 4 | _a346.730486 |
| 110 | 1 |
_aUnited States. _bCongress. _bHouse. _bCommittee on Science and Technology. _bSubcommittee on Science, Research, and Technology _9709688 |
|
| 245 | 1 | 0 |
_aH.R. 5715, Government Patent Policy Act of 1980 : _bhearing before the Subcommittee on Science, Research, and Technology of the Committee on Science and Technology, U.S. House of Representatives, Ninety-sixth Congress, second session, February 8, 1980 |
| 260 |
_aWashington, D.C. : _bUnited States Government Printing Office, _c1980 |
||
| 300 |
_aiii, 184 p. : _bgraphs ; _c23 cm. |
||
| 500 | _aNo. 139 | ||
| 504 | _aIncludes bibliographical references | ||
| 650 | 0 |
_aPatents and Government-developed inventions _zUnited States |
|
| 740 | 0 | _aGovernment Patent Policy Act of 1980 | |
| 887 | _a | ||
| 901 |
_aAD 155096 _b13.11.2010 |
||
| 902 | _aU.S 346.730486 Un 3 g | ||
| 949 |
_AVIRTUAITEM _D10000 _X100 _6ADX000155096ENG |
||
| 942 |
_2ddc _cBKS |
||
| 999 |
_c596108 _d596108 |
||